| 000 | 00987nam a22003137a 4500 | ||
|---|---|---|---|
| 001 | BR7000161 | ||
| 003 | BR-BrBNA | ||
| 005 | 20230928083553.0 | ||
| 007 | ta | ||
| 008 | 230509b bl.||||| |||| 00| 0 por d | ||
| 040 |
_aBR-BrBNA _bpor _cBiblioteca Nacional de Agricultura |
||
| 041 | _a(Por) | ||
| 072 |
_aE15; E70 _b0120 |
||
| 090 | _ 0120 BR7000161 | ||
| 100 | 1 | _aTeixeira, T.D. | |
| 110 | 1 |
_aUniversidade Federal de Vicosa, MG (Brasil) _0Tese (Magister Scientiae) |
|
| 245 | 1 | _aSuperficie quadratica e suas aplicacoes na analise economica de experimentos [Economia da producao; Preco; Custo de producao; Milho; Zea mays] | |
| 260 | 3 |
_aVicosa, MG (Brasil): _c1970. |
|
| 300 | _a181 p. | ||
| 500 | _a27 ref.; 33 graphs; 32 ref.; Summary (Por) | ||
| 650 | _aMicroeconomia | ||
| 650 | _aComercializacao | ||
| 650 | _aMilho | ||
| 650 | _aCusto de producao | ||
| 650 | _aEconomia da producao | ||
| 650 | _aPreco | ||
| 909 |
_a202309 _bLucia _c55 _dLucia Elande |
||
| 942 | _cBK | ||
| 999 |
_c14234 _d14234 |
||